000 00460pab a2200169 454500
008 180718b2015 xxu||||| |||| 00| 0 eng d
100 _aChaudhary, Amar Kumar
245 _aStrategic human resource management of post retrial teachers in universities
260 _c2015
300 _ap.9-11.
362 _a8 Jun
650 _aUniversities
650 _aTeachers
650 _aHuman resources development
773 _aUniversity News
909 _a108105
999 _c108100
_d108100